| 000 | 01051pam a2200313 a 4500 | ||
|---|---|---|---|
| 001 | 3840340 | ||
| 003 | ARRUPE | ||
| 005 | 20150127020009.0 | ||
| 008 | 870527s1988 nyu b 001 0 eng | ||
| 010 | _a 87015230 | ||
| 020 |
_a0195043405 (alk. paper) : _c$29.95 |
||
| 020 |
_a0195043413 (pbk. : alk. paper) : _c$10.95 |
||
| 040 |
_aDLC _cDLC _dDLC |
||
| 050 | 0 | 0 |
_aBJ47 _b.G74 1988 |
| 082 | 0 | 0 |
_a291.5 _219 |
| 100 | 1 |
_aGreen, Ronald Michael. _99157 |
|
| 245 | 1 | 0 |
_aReligion and moral reason : _ba new method for comparative study / _cRonald M. Green. |
| 260 |
_aNew York : _bOxford University Press, _c1988. |
||
| 300 |
_axvi, 278 p. ; _c22 cm. |
||
| 500 | _aIncludes index. | ||
| 504 | _aBibliography: p. 233-266. | ||
| 650 | 0 |
_aReligion and ethics. _99158 |
|
| 650 | 0 |
_aRevelation. _99159 |
|
| 650 | 0 |
_aReason. _99160 |
|
| 650 | 0 |
_aReligions. _99161 |
|
| 856 | 4 | 2 |
_3Publisher description _uhttp://www.loc.gov/catdir/enhancements/fy0602/87015230-d.html |
| 906 |
_a7 _bcbc _corignew _d1 _eocip _f19 _gy-gencatlg |
||
| 942 |
_2lcc _cMONOGRAPH _01 |
||
| 999 |
_c120223 _d120223 |
||